مكتبة جامعة عجلون الوطنية

فهرس بحث المكتبة

Normal view MARC view
  • الحماية القانونية للشاهد -- قانون جنائي (فقه إسلامي) -- مصر

Entry Topical Term

Number of records used in: 1

001 - CONTROL NUMBER

  • control field: 34320

003 - CONTROL NUMBER IDENTIFIER

  • control field: JO-AjAnu

005 - DATE AND TIME OF LATEST TRANSACTION

  • control field: 20230606075741.0

008 - FIXED-LENGTH DATA ELEMENTS

  • fixed length control field: 230606|| aca||aabn | a|a d

040 ## - CATALOGING SOURCE

  • Original cataloging agency: JO-AjAnu
  • Transcribing agency: JO-AjAnu

150 ## - HEADING--TOPICAL TERM

  • Topical term or geographic name entry element: الحماية القانونية للشاهد -- قانون جنائي (فقه إسلامي) -- مصر

670 ## - SOURCE DATA FOUND

  • Source citation: Work cat.: (JO-AjAnu)17626: يوسف، مصطفى, author 34319, الحماية القانونية للشاهد في ضوء الفقه والقضاء وفقا لقانون الإجراءات الجنائية المصري